000 00208 a2200097 4500
001 32625
100 _aManchester, W
245 _aAmerican Caesar
260 _aLondon
_bArrow books
_c
090 _c21839
_d21839
942 _aNUST-CAE
_cM
_c13157
999 _c267698
_d267698